|
|
|
|
| LEADER |
00000ngm a2200000 a 4500 |
| 001 |
vtls010035569 |
| 003 |
SK-MaSNL |
| 005 |
20260301131017.0 |
| 007 |
vd cvaizs |
| 008 |
100105p2008 xo 090 c vacze |
| 040 |
|
|
|a SNK
|b slo
|c SNK
|e AACR2
|
| 041 |
0 |
|
|a cze
|
| 044 |
|
|
|a xo
|c SK
|
| 072 |
|
7 |
|a 791
|x Film. Cirkus. Ľudová zábava
|2 konspekt
|
| 080 |
|
|
|a 791.228
|2 2001
|
| 080 |
|
|
|a 791.242.097
|2 2001
|
| 080 |
|
|
|a (0.034.44)
|2 2001
|
| 245 |
0 |
0 |
|a Tip a Tap
|n 1
|h videozáznam
|c [réžia] Ray Goossens
|
| 260 |
|
|
|a [Bratislava]
|b Ringier
|c [2008]
|
| 300 |
|
|
|a 1 videodisk (DVD) 90 min.)
|b zvuk DD 2.0, stereo, fareb., PAL 4:3
|c 12 cm
|
| 500 |
|
|
|a Názov z disku
|
| 500 |
|
|
|a Obsahuje 13 príbehov
|
| 518 |
|
|
|a Belgický televízny seriál z r. 1971
|
| 650 |
0 |
7 |
|a animované filmy
|2 SNKPH
|9 3171
|
| 650 |
0 |
7 |
|a filmové rozprávky
|2 SNKPH
|9 73150
|
| 650 |
0 |
7 |
|a televízne seriály
|2 SNKPH
|9 2920
|
| 655 |
|
7 |
|a DVD
|2 SNKPH
|9 70751
|
| 700 |
1 |
|
|a Goossens, Ray,
|d 1924-1998
|4 drt
|9 479666
|
| 999 |
|
|
|c 746487
|d 748417
|
| 952 |
|
|
|a SNK
|b SNK
|y PREZ
|7 0
|p 17A0640994
|o snkSDVD 670/1
|i snk2010/65
|8 0
|0 0
|1 0
|4 0
|d 2010-01-05
|l 0
|r 2026-02-23 23:18:35
|w 2026-02-23
|